[Event "33. Seebach-Open"]
[Site "Grossenseebach"]
[Date "2024.05.31"]
[Round "3.64"]
[White "Satti, Shahroz"]
[Black "Becker, Werner"]
[Result "0-1"]
[WhiteElo "1232"]
[BlackElo "1669"]
[PlyCount "138"]
[EventDate "2024.??.??"]
[WhiteTeam "SC Erlangen 48/88"]
[BlackTeam "SC Rochade e.V."]

1. e4 c5 2. Nc3 Nc6 3. f4 a6 4. Nf3 e6 5. g3 b5 6. a3 Bb7 7. Bg2 Nge7 8. O-O g6
9. d4 cxd4 10. Nxd4 Bg7 11. Nde2 O-O 12. Be3 d6 13. Qd3 Qc7 14. Rab1 Rac8 15.
Rfd1 Rfd8 16. Kf1 Na5 17. Kg1 Nac6 18. Kf1 Nb8 19. Kg1 Rd7 20. Kf1 Rcd8 21. Bf2
Nbc6 22. Kg1 Nc8 23. Kf1 Nb6 24. b3 Nb8 25. Be1 Rc8 26. h4 h5 27. Kg1 Kh7 28.
Kf1 Nc6 29. Kg1 Ne7 30. Kf1 Ng8 31. Rbc1 Nf6 32. Kg1 Ng4 33. Kf1 f5 34. Bh1 Qc5
35. Rd2 Bxc3 36. Nxc3 Qxc3 37. Qxc3 Rxc3 38. Re2 Rcc7 39. Bf3 Nf6 40. Ba5 Bxe4
41. Bxe4 Nxe4 42. Bxb6 Nxg3+ 43. Ke1 Nxe2 44. Kxe2 Rc6 45. Be3 Rdc7 46. Kd2 e5
47. Kd3 Rc3+ 48. Kd2 e4 49. Bb6 Rc8 50. Be3 d5 51. Bd4 Rh3 52. Bf6 Rh2+ 53. Ke3
Rcxc2 54. Rxc2 Rxc2 55. Kd4 Rd2+ 56. Ke3 Rd3+ 57. Ke2 Rxb3 58. Be7 d4 59. Bb4
Rf3 60. Bd6 Rh3 61. Bb4 Rxh4 62. Bd6 Rh2+ 63. Kd1 d3 64. Bc5 Re2 65. Kc1 h4 66.
Bd4 h3 67. Kd1 h2 68. Bc3 h1=R+ 69. Be1 Rhxe1# 0-1

[Event "33. Seebach-Open"]
[Site "Grossenseebach"]
[Date "2024.05.31"]
[Round "3.65"]
[White "Bauschke, Norman"]
[Black "Gebhardt, Andreas"]
[Result "1/2-1/2"]
[WhiteElo "1636"]
[BlackElo "1253"]
[PlyCount "55"]
[EventDate "2024.??.??"]
[WhiteTeam "SC Höchstadt/Aisch"]
[BlackTeam "TSV Kirchehrenbach"]

1. Nf3 d5 2. g3 Bf5 3. d3 e6 4. Bg2 Nf6 5. O-O Bc5 6. Nbd2 Nbd7 7. c3 c6 8. b4
Bd6 9. e4 dxe4 10. dxe4 Bxe4 11. Nxe4 Nxe4 12. Re1 Ndf6 13. Qc2 Nxf2 14. Qxf2
a5 15. Bd2 O-O 16. Rad1 axb4 17. Bf4 e5 18. Bxe5 Ng4 19. Rxd6 Nxf2 20. Rxd8
Rfxd8 21. Kxf2 Rxa2+ 22. Re2 b3 23. c4 Rda8 24. Ne1 Rxe2+ 25. Kxe2 Ra2+ 26. Kd1
f5 27. Kc1 Re2 28. Bc3 1/2-1/2

[Event "33. Seebach-Open"]
[Site "Grossenseebach"]
[Date "2024.05.31"]
[Round "3.66"]
[White "Ratushnyi, Artur"]
[Black "Kern, Daniel"]
[Result "1-0"]
[WhiteElo "1446"]
[BlackElo "1200"]
[PlyCount "47"]
[EventDate "2024.??.??"]
[WhiteTeam "SC Schwarz-Weiß Nürnberg Süd e.V"]
[BlackTeam "SC Höchstadt/Aisch"]

1. e4 c5 2. Nf3 Nc6 3. d4 cxd4 4. Nxd4 e5 5. Nxc6 bxc6 6. Nc3 Nf6 7. Bc4 Be7 8.
O-O O-O 9. Kh1 Bb7 10. f4 exf4 11. Bxf4 d5 12. exd5 cxd5 13. Bd3 Qb6 14. Qd2
Ne4 15. Qe2 Rfe8 16. Nb5 Bd8 17. Rae1 Ng3+ 18. Bxg3 Rxe2 19. Rxe2 Bc6 20. Rfe1
g6 21. Bf2 Qb7 22. Bd4 h6 23. Re8+ Kh7 24. Rh8# 1-0

[Event "33. Seebach-Open"]
[Site "Grossenseebach"]
[Date "2024.05.31"]
[Round "3.68"]
[White "Franke, Martin"]
[Black "Ramayanam, Nithya"]
[Result "1/2-1/2"]
[WhiteElo "1297"]
[BlackElo "1185"]
[PlyCount "89"]
[EventDate "2024.??.??"]
[WhiteTeam "FSV Großenseebach"]
[BlackTeam "SC Erlangen 48/88"]

1. e4 e5 2. Nf3 Nc6 3. Bc4 Nf6 4. Ng5 d5 5. exd5 Na5 6. Bb5+ Bd7 7. Qe2 Bd6 8.
b4 Bxb4 9. Qxe5+ Be7 10. Bxd7+ Qxd7 11. Ba3 Nc4 12. Qxe7+ Qxe7+ 13. Bxe7 Kxe7
14. d3 Nd6 15. c4 Rae8 16. O-O Kf8 17. Nc3 a6 18. Rfe1 h6 19. Nge4 Ndxe4 20.
dxe4 Nd7 21. a4 Ne5 22. Rab1 b6 23. a5 Nxc4 24. axb6 cxb6 25. Na4 b5 26. Nc5
Ra8 27. e5 Ke7 28. d6+ Kd8 29. e6 fxe6 30. Rxe6 Re8 31. Rxe8+ Kxe8 32. Re1+ Kd8
33. d7 Kc7 34. Re8 Nb6 35. Rxa8 Nxa8 36. d8=Q+ Kxd8 37. Nxa6 Nc7 38. Nc5 b4 39.
Kf1 Ke7 40. Ke2 Kd6 41. Nb3 Na6 42. Kd3 Nc5+ 43. Kc4 Nxb3 44. Kxb3 Kc5 45. f4
1/2-1/2

[Event "33. Seebach-Open"]
[Site "Grossenseebach"]
[Date "2024.05.31"]
[Round "4.1"]
[White "Albert, Markus"]
[Black "Kochiev, Ivan"]
[Result "0-1"]
[WhiteElo "2255"]
[BlackElo "2134"]
[PlyCount "85"]
[EventDate "2024.??.??"]
[WhiteTeam "SC Ansbach 1855 e.V."]
[BlackTeam "SC Noris-Tarrasch Nürnberg 1873"]

1. e4 c5 2. Nf3 d6 3. d4 cxd4 4. Nxd4 Nf6 5. Nc3 Nc6 6. Bg5 e6 7. Qd2 a6 8.
O-O-O Bd7 9. f3 b5 10. h4 h6 11. Be3 h5 12. Kb1 Rc8 13. Bd3 Be7 14. Rhg1 Ne5
15. Bg5 Qb6 16. Nce2 b4 17. g4 hxg4 18. f4 Nf3 19. Nxf3 gxf3 20. Ng3 a5 21. e5
Nd5 22. Rdf1 a4 23. Bxe7 Kxe7 24. Ne4 a3 25. f5 Qd4 26. Qg5+ f6 27. exf6+ Kd8
28. Qc1 exf5 29. Nd2 axb2 30. Qxb2 Nc3+ 31. Kc1 Ra8 32. Nxf3 Nxa2+ 33. Qxa2
Qe3+ 34. Kb1 Rxa2 35. Kxa2 Qa7+ 36. Kb1 Be6 37. Kc1 Re8 38. Kd2 f4 39. Ne1 Qe3+
40. Kd1 b3 41. cxb3 Bxb3+ 42. Bc2 Re6 43. Bxb3 0-1

[Event "33. Seebach-Open"]
[Site "Grossenseebach"]
[Date "2024.05.31"]
[Round "4.2"]
[White "Sattler, Stefan"]
[Black "Ott, Florian"]
[Result "0-1"]
[WhiteElo "2085"]
[BlackElo "2265"]
[PlyCount "92"]
[EventDate "2024.??.??"]
[WhiteTeam "SK 1911 Herzogenaurach e.V."]
[BlackTeam "SC Erlangen 48/88"]

1. e4 c5 2. c3 Nf6 3. e5 Nd5 4. Nf3 Nc6 5. Bc4 Nb6 6. Bb3 d6 7. exd6 Qxd6 8.
O-O Be6 9. Bxe6 Qxe6 10. d4 cxd4 11. Nxd4 Nxd4 12. Qxd4 Rd8 13. Qh4 Qe2 14. Nd2
Rxd2 15. Bxd2 Qxd2 16. a4 Qh6 17. Qb4 Qc6 18. Qf4 Nd7 19. b4 e6 20. Rfd1 Be7
21. b5 Qc8 22. Qd4 Nf6 23. c4 b6 24. a5 Bc5 25. Qd3 bxa5 26. Rxa5 O-O 27. h3 e5
28. Ra2 h6 29. Rc2 Re8 30. Re2 e4 31. Qb3 Qf5 32. Qc3 h5 33. Qg3 Qe6 34. Rc2 e3
35. fxe3 Qxe3+ 36. Qxe3 Rxe3 37. Kh1 h4 38. Kh2 Kh7 39. Kh1 g5 40. Kh2 Kg6 41.
Kh1 Ne4 42. Kh2 f5 43. Ra2 g4 44. Ra6+ Bb6 45. hxg4 fxg4 46. Rd5 Rc3 0-1

[Event "33. Seebach-Open"]
[Site "Grossenseebach"]
[Date "2024.05.31"]
[Round "4.3"]
[White "Boehme, Markus"]
[Black "Quaschner, Manuel"]
[Result "1-0"]
[WhiteElo "2196"]
[BlackElo "2091"]
[PlyCount "101"]
[EventDate "2024.??.??"]
[WhiteTeam "SC Uttenreuth e.V."]
[BlackTeam "FSV Großenseebach"]

1. Nf3 c5 2. e4 e6 3. c3 Nf6 4. e5 Nd5 5. d4 cxd4 6. cxd4 Nc6 7. Bc4 Nb6 8. Bd3
d6 9. O-O Bd7 10. Nc3 dxe5 11. dxe5 Nb4 12. Bb1 N6d5 13. Ne4 Bb5 14. Re1 Nc6
15. Bg5 Qc7 16. a3 h6 17. Bh4 Nxe5 18. Nxe5 Qxe5 19. Nf6+ gxf6 20. Rxe5 fxe5
21. Be4 Bc6 22. Qh5 Bg7 23. Bg3 Ne7 24. Bxc6+ Nxc6 25. b4 a6 26. Rd1 O-O 27.
Rd7 Rac8 28. h3 b5 29. f4 Nd4 30. fxe5 Rc1+ 31. Kh2 Nf5 32. Bf4 Rf1 33. g3 Ra1
34. g4 Ra2+ 35. Kg1 Ra1+ 36. Kf2 Ra2+ 37. Rd2 Rxd2+ 38. Bxd2 Rd8 39. Bc1 Rc8
40. gxf5 Rc2+ 41. Kf3 Rxc1 42. fxe6 fxe6 43. Qe8+ Kh7 44. Qxe6 Rc3+ 45. Ke4
Rxa3 46. Qf5+ Kh8 47. Qc8+ Kh7 48. e6 Ra1 49. Kf5 Rf1+ 50. Kg4 Re1 51. Qd7 1-0

[Event "33. Seebach-Open"]
[Site "Grossenseebach"]
[Date "2024.05.31"]
[Round "4.4"]
[White "Deschler, Arne"]
[Black "Heidrich, Manfred"]
[Result "1/2-1/2"]
[WhiteElo "2052"]
[BlackElo "2184"]
[PlyCount "105"]
[EventDate "2024.??.??"]
[WhiteTeam "SC Noris-Tarrasch Nürnberg 1873"]
[BlackTeam "SC Forchheim e.V."]

1. e4 c5 2. Nf3 Nf6 3. e5 Nd5 4. c4 Nc7 5. Nc3 Nc6 6. g3 e6 7. d3 d6 8. Bg5 Be7
9. exd6 Qxd6 10. Ne4 Qd8 11. Be3 b6 12. Bg2 Bb7 13. O-O e5 14. Qe2 O-O 15. Bd2
Re8 16. Bc3 Bf8 17. Rad1 f6 18. Qc2 Ne6 19. Rfe1 Qc7 20. a3 Rad8 21. h4 Bc8 22.
Ned2 Bb7 23. Nf1 Ncd4 24. Nxd4 Nxd4 25. Bxd4 exd4 26. Bxb7 Qxb7 27. Re2 Qc6 28.
Rde1 Kf7 29. Qd1 g6 30. Re4 f5 31. Rxe8 Rxe8 32. Nd2 Rxe1+ 33. Qxe1 Qe6 34.
Qxe6+ Kxe6 35. Kg2 Bh6 36. f4 Bg7 37. Nf3 Bf6 38. Ng5+ Bxg5 39. hxg5 Kf7 40. g4
a5 41. a4 Kg7 42. Kg3 h6 43. gxh6+ Kxh6 44. Kh4 fxg4 45. Kxg4 Kh7 46. Kg5 Kg7
47. f5 gxf5 48. Kxf5 Kf7 49. Ke5 Ke7 50. Kd5 Kd7 51. b3 Kc7 52. Ke6 Kc6 53. Ke7
1/2-1/2

[Event "33. Seebach-Open"]
[Site "Grossenseebach"]
[Date "2024.05.31"]
[Round "4.5"]
[White "Bieberle, Jan"]
[Black "Isbilir, Levin"]
[Result "1/2-1/2"]
[WhiteElo "2153"]
[BlackElo "2024"]
[PlyCount "86"]
[EventDate "2024.??.??"]
[WhiteTeam "SC Höchstadt/Aisch"]
[BlackTeam "SC Erlangen 48/88"]

1. e4 c5 2. Nf3 Nc6 3. Bb5 Nf6 4. Nc3 g6 5. e5 Ng4 6. Bxc6 dxc6 7. h3 Nh6 8. g4
Bg7 9. d3 O-O 10. Bf4 f5 11. g5 Nf7 12. Qe2 Qa5 13. h4 Qb4 14. h5 Qxf4 15. Rh4
Qg4 16. Rxg4 fxg4 17. hxg6 hxg6 18. Nh4 Nxe5 19. O-O-O Bf5 20. Ne4 b6 21. c3
Rad8 22. d4 cxd4 23. cxd4 Nf7 24. Ng3 Nxg5 25. Ngxf5 gxf5 26. Qxe7 Bf6 27. Qxa7
Bxd4 28. Rxd4 Rxd4 29. Qe7 Nf3 30. Qe6+ Kh7 31. Nxf5 Rxf5 32. Qxf5+ Kg7 33. b3
c5 34. Qc8 Rb4 35. a3 Rxb3 36. Qxg4+ Kf6 37. Qf4+ Ke7 38. a4 Nd4 39. Qe5+ Kd7
40. Qd5+ Ke7 41. Kd2 Rb2+ 42. Ke1 Rb1+ 43. Kd2 Rb2+ 1/2-1/2

[Event "33. Seebach-Open"]
[Site "Grossenseebach"]
[Date "2024.05.31"]
[Round "4.6"]
[White "Ratushnyi, Viktor"]
[Black "Homi, Joseph"]
[Result "1-0"]
[WhiteElo "2025"]
[BlackElo "2134"]
[PlyCount "57"]
[EventDate "2024.??.??"]
[WhiteTeam "SC Schwarz-Weiß Nürnberg Süd e.V"]
[BlackTeam "SGem 1882 Fürth"]

1. e4 c6 2. c4 d5 3. exd5 cxd5 4. cxd5 Nf6 5. Qa4+ Nbd7 6. Nc3 g6 7. Bc4 Bg7 8.
d3 a6 9. Qa3 Rb8 10. Bf4 Ra8 11. Nf3 O-O 12. O-O Nh5 13. Bg5 Bf6 14. Bxf6 Nhxf6
15. Rfe1 Re8 16. d6 e6 17. Ng5 Rb8 18. b4 b5 19. Bb3 Rb6 20. Nge4 Bb7 21. Rad1
Qb8 22. Qc1 Nd5 23. Nxd5 exd5 24. Nc5 Rxe1+ 25. Rxe1 Qxd6 26. Nxb7 Qxb4 27.
Bxd5 Qd4 28. Qc8+ Nf8 29. Qc5 1-0

[Event "33. Seebach-Open"]
[Site "Grossenseebach"]
[Date "2024.05.31"]
[Round "4.7"]
[White "Thurn, Stephan"]
[Black "Narr, Kevin"]
[Result "0-1"]
[WhiteElo "1761"]
[BlackElo "2131"]
[PlyCount "54"]
[EventDate "2024.??.??"]
[WhiteTeam "TSV Kirchehrenbach"]
[BlackTeam "SG Donautal Tuttlingen"]

1. d4 d6 2. e4 Nf6 3. Nc3 g6 4. Nf3 Bg7 5. Be3 a6 6. Qd2 b5 7. Bh6 O-O 8. Bd3
c5 9. Bxg7 Kxg7 10. dxc5 dxc5 11. e5 Ne8 12. Qe3 Nd7 13. h4 Nc7 14. h5 Rh8 15.
Ng5 b4 16. O-O-O bxc3 17. Bc4 cxb2+ 18. Kb1 e6 19. h6+ Kf8 20. Rh3 Bb7 21. Qf4
Qe7 22. Rxd7 Qxd7 23. Qf6 Rg8 24. Nxh7+ Ke8 25. Qg7 Qd1+ 26. Kxb2 Rxg7 27. hxg7
Ke7 0-1

[Event "33. Seebach-Open"]
[Site "Grossenseebach"]
[Date "2024.05.31"]
[Round "4.8"]
[White "Meulner, Fabian"]
[Black "Gomer, Thomas"]
[Result "1-0"]
[WhiteElo "2085"]
[BlackElo "1764"]
[PlyCount "91"]
[EventDate "2024.??.??"]
[WhiteTeam "SC JÄKLECHEMIE Talente Franken e"]
[BlackTeam "SV Balingen"]

1. Nf3 Nf6 2. d4 d5 3. c4 e6 4. Nc3 c5 5. cxd5 exd5 6. Bg5 Be7 7. dxc5 Nc6 8.
e3 Qa5 9. Rc1 Be6 10. Bb5 h6 11. Bxf6 Bxf6 12. Nd4 O-O 13. Bxc6 bxc6 14. O-O
Qxc5 15. Ne4 Qb4 16. Nxf6+ gxf6 17. Rxc6 Rfc8 18. Rxc8+ Rxc8 19. Qb1 Kg7 20.
Rc1 Rc4 21. b3 Rc3 22. h3 a5 23. Rxc3 Qxc3 24. Qc2 Qxc2 25. Nxc2 Bf5 26. Nd4
Bb1 27. a3 Kf8 28. Kf1 Ke7 29. Nc6+ Kd6 30. Nxa5 Kc5 31. Ke2 Kb6 32. b4 Kb5 33.
Kd2 Ka4 34. Kc3 Bf5 35. Kb2 Bd3 36. h4 Bf1 37. g3 f5 38. Nb3 Bg2 39. Nc5+ Kb5
40. Kc3 Bf3 41. a4+ Kc6 42. Kd4 Kd6 43. b5 f6 44. a5 Be2 45. b6 Bb5 46. b7 1-0

[Event "33. Seebach-Open"]
[Site "Grossenseebach"]
[Date "2024.05.31"]
[Round "4.9"]
[White "Beimler, Christian"]
[Black "Liepold, Stefan"]
[Result "0-1"]
[WhiteElo "1696"]
[BlackElo "2201"]
[PlyCount "48"]
[EventDate "2024.??.??"]
[WhiteTeam "SV Ilmmünster"]
[BlackTeam "SC Erlangen 48/88"]

1. d4 d5 2. c4 dxc4 3. e3 e5 4. Bxc4 Nc6 5. d5 Na5 6. Nd2 Nxc4 7. Nxc4 Nf6 8.
Nxe5 Qxd5 9. Qxd5 Nxd5 10. Bd2 f6 11. Nef3 Nb4 12. Nd4 b6 13. Kf1 Ba6+ 14. Nge2
O-O-O 15. a3 Nc2 16. Rc1 Nxd4 17. exd4 Rxd4 18. Be3 Rd3 19. Ke1 Bd6 20. Nd4 Be5
21. Ne6 Rb3 22. Bf4 Re8 23. Nxg7 Bxf4+ 24. Nxe8 Bxc1 0-1

[Event "33. Seebach-Open"]
[Site "Grossenseebach"]
[Date "2024.05.31"]
[Round "4.10"]
[White "Seidel, Peter"]
[Black "Walter, Manfred"]
[Result "1-0"]
[WhiteElo "2124"]
[BlackElo "1685"]
[PlyCount "33"]
[EventDate "2024.??.??"]
[WhiteTeam "SC Höchstadt/Aisch"]
[BlackTeam "SV Lauf a.d.P."]

1. e4 d6 2. d4 Nf6 3. Nc3 e5 4. Nf3 Nbd7 5. Bc4 Be7 6. O-O exd4 7. Qxd4 O-O 8.
a4 a5 9. Re1 Ng4 10. Nd5 Nge5 11. Nxe5 dxe5 12. Nxe7+ Qxe7 13. Qc3 h6 14. b3
Qb4 15. Qe3 Qb6 16. Qg3 Kh7 17. Ba3 1-0

[Event "33. Seebach-Open"]
[Site "Grossenseebach"]
[Date "2024.05.31"]
[Round "4.11"]
[White "Zagrada, Halil"]
[Black "Stierhof, Michael"]
[Result "0-1"]
[WhiteElo "1632"]
[BlackElo "2068"]
[PlyCount "120"]
[EventDate "2024.??.??"]
[WhiteTeam "BSG Wöhrlhaus Erlangen"]
[BlackTeam "SC 1868 Bamberg"]

1. d4 Nf6 2. e3 g6 3. Nf3 Bg7 4. Bd3 O-O 5. b3 d6 6. Bb2 Nc6 7. Nbd2 Nb4 8. O-O
Nxd3 9. cxd3 b6 10. Ne4 Nd7 11. Qc2 Bb7 12. b4 a6 13. a4 e6 14. Rac1 Rc8 15.
Ned2 g5 16. h3 f5 17. Nh2 h5 18. f3 Qf6 19. Nc4 Qg6 20. e4 g4 21. fxg4 hxg4 22.
hxg4 fxe4 23. dxe4 Bxe4 24. Qd2 Bh6 25. Ne3 Nf6 26. Rc3 Nxg4 27. Nhxg4 Qxg4 28.
Nxg4 Bxd2 29. Nf6+ Rxf6 30. Rxf6 Bxc3 31. Bxc3 Bd5 32. Rf4 Kg7 33. g3 Rh8 34.
Kf2 Rh2+ 35. Ke3 Rg2 36. Rg4+ Kf7 37. Be1 Ra2 38. a5 Bc4 39. Rf4+ Ke7 40. Rf2
Ra3+ 41. Kf4 Kd7 42. g4 Ra1 43. Bd2 Rf1 44. Rxf1 Bxf1 45. Kg5 Be2 46. Kh4 Kc6
47. g5 Bd3 48. Kh5 Kd5 49. g6 Kxd4 50. Kg5 bxa5 51. bxa5 c5 52. Kf6 e5 53. g7
Bh7 54. Ke6 d5 55. Be1 c4 56. Bf2+ Ke4 57. Bg3 d4 58. Bxe5 c3 59. Bf6 c2 60.
Bg5 d3 0-1

[Event "33. Seebach-Open"]
[Site "Grossenseebach"]
[Date "2024.05.31"]
[Round "4.12"]
[White "Piotraschke, Jens"]
[Black "Kreiner, Daniel"]
[Result "1-0"]
[WhiteElo "2064"]
[BlackElo "1615"]
[PlyCount "105"]
[EventDate "2024.??.??"]
[WhiteTeam "TuS Coswig 1920"]
[BlackTeam "FSV Großenseebach"]

1. d4 Nf6 2. c4 d6 3. g3 g6 4. Bg2 Bg7 5. Nf3 O-O 6. O-O c5 7. Nc3 Nbd7 8. d5
Nb6 9. Qd3 e6 10. h3 exd5 11. cxd5 a6 12. e4 Re8 13. Re1 Nfd7 14. Bf4 Qe7 15.
Rad1 f6 16. a4 Ne5 17. Nxe5 fxe5 18. Be3 Bd7 19. Ra1 Nc8 20. Reb1 Na7 21. b4
cxb4 22. Rxb4 Reb8 23. Rab1 Be8 24. Bf1 Qd7 25. Qd2 b5 26. Bxa7 Qxa7 27. axb5
axb5 28. Bxb5 Bxb5 29. Rxb5 Rxb5 30. Rxb5 Qd4 31. Qb2 Rc8 32. Rb8 Rxb8 33.
Qxb8+ Bf8 34. Qc8 Qb4 35. h4 h5 36. Kg2 Kg7 37. Qc7+ Kf6 38. Kf3 Be7 39. Nd1
Qd4 40. Ne3 Qa1 41. Qc8 Qh1+ 42. Ke2 Kg7 43. Qe8 Bf8 44. Qd7+ Kg8 45. Qa4 Qb1
46. Qc2 Qb5+ 47. Kf3 Qd7 48. Qc6 Qf7+ 49. Ke2 Qf6 50. Qe8 Qg7 51. Nc4 Qc7 52.
Qxg6+ Bg7 53. Nxd6 1-0

[Event "33. Seebach-Open"]
[Site "Grossenseebach"]
[Date "2024.05.31"]
[Round "4.13"]
[White "Averkova, Mariia"]
[Black "Redzepovic, Irfan"]
[Result "0-1"]
[WhiteElo "1615"]
[BlackElo "2028"]
[PlyCount "72"]
[EventDate "2024.??.??"]
[WhiteTeam "SC 1868 Bamberg"]
[BlackTeam "SC Schwarz-Weiß Nürnberg Süd e.V"]

1. d4 Nf6 2. Nf3 e6 3. e3 b6 4. b3 c5 5. Bb2 Be7 6. Bd3 Bb7 7. O-O Nc6 8. c4
cxd4 9. Nxd4 Nxd4 10. Bxd4 Qc7 11. Nd2 Qc6 12. f3 h5 13. Rc1 h4 14. h3 Qc7 15.
f4 d6 16. Bxf6 Bxf6 17. Be4 Be7 18. Qf3 O-O-O 19. Bxb7+ Qxb7 20. Qxb7+ Kxb7 21.
Nf3 d5 22. Ne5 Rhf8 23. Rfd1 Bc5 24. Kf2 g5 25. Kf3 Rg8 26. cxd5 gxf4 27. exf4
Rg3+ 28. Ke2 Rxg2+ 29. Ke1 exd5 30. Rd3 f6 31. Ng4 Re8+ 32. Kd1 Ree2 33. Ra1
Bb4 34. Re3 Rd2+ 35. Ke1 Rdf2+ 36. Kd1 Rf1+ 0-1

[Event "33. Seebach-Open"]
[Site "Grossenseebach"]
[Date "2024.05.31"]
[Round "4.14"]
[White "Frysztacki, Marco"]
[Black "Huhn, Stefan"]
[Result "0-1"]
[WhiteElo "1605"]
[BlackElo "1999"]
[PlyCount "72"]
[EventDate "2024.??.??"]
[WhiteTeam "SV Lauf a.d.P."]
[BlackTeam "SV Herrenberg e.V."]

1. e4 c5 2. Nf3 e6 3. d4 cxd4 4. Nxd4 Nc6 5. Be3 Nf6 6. Nd2 d5 7. Nxc6 bxc6 8.
e5 Nd7 9. f4 Be7 10. Be2 O-O 11. O-O f6 12. Nf3 c5 13. c3 Qc7 14. exf6 Nxf6 15.
Qc2 Bd7 16. Ne5 Bd6 17. Nxd7 Qxd7 18. Bd3 Rab8 19. Rf3 c4 20. Be2 Qc7 21. Raf1
Ne4 22. b3 cxb3 23. axb3 Qxc3 24. Bd3 Qxc2 25. Bxc2 a5 26. Rh3 Rfc8 27. Bxe4
dxe4 28. Rd1 Rc6 29. Bc1 Rbc8 30. Bb2 Bxf4 31. Rh4 g5 32. Rh6 e3 33. Re1 Rc2
34. g3 Rxb2 35. gxf4 gxf4 36. Rxe6 Rcc2 0-1

[Event "33. Seebach-Open"]
[Site "Grossenseebach"]
[Date "2024.05.31"]
[Round "4.15"]
[White "Basel, Matthias"]
[Black "Wolf, Moritz"]
[Result "1-0"]
[WhiteElo "1989"]
[BlackElo "1601"]
[PlyCount "29"]
[EventDate "2024.??.??"]
[WhiteTeam "SC Kitzingen von 1905"]
[BlackTeam "TSV Cadolzburg e.V."]

1. Nf3 f5 2. d3 Nf6 3. c4 d6 4. g3 e5 5. Bg2 Be7 6. b4 O-O 7. Qb3 Kh8 8. Nc3
Nbd7 9. Ng5 c6 10. c5 Nxc5 11. bxc5 d5 12. Na4 Bxc5 13. Nxc5 Qa5+ 14. Bd2 Qxc5
15. Bb4 1-0

[Event "33. Seebach-Open"]
[Site "Grossenseebach"]
[Date "2024.05.31"]
[Round "4.16"]
[White "Leis, Stefan"]
[Black "Strobl, Thomas"]
[Result "1-0"]
[WhiteElo "1972"]
[BlackElo "1585"]
[PlyCount "122"]
[EventDate "2024.??.??"]
[WhiteTeam "SC Mühlhof-Reichelsdorf e.V."]
[BlackTeam "TSV 1860 Weißenburg e.V."]

1. d4 d5 2. c4 e6 3. Nc3 Nf6 4. Bg5 Be7 5. e3 c6 6. cxd5 Nxd5 7. Bxe7 Qxe7 8.
Nf3 Nd7 9. Bd3 e5 10. Nxd5 cxd5 11. dxe5 Nxe5 12. Bb5+ Nc6 13. O-O Be6 14. Qa4
Bd7 15. Rfc1 Qb4 16. Bxc6 Qxa4 17. Bxa4 Bxa4 18. Rc5 O-O 19. b3 Bc6 20. Nd4
Rac8 21. h4 Rfd8 22. Kh2 f6 23. Kg3 a6 24. Rac1 Rd6 25. b4 Rcd8 26. a3 Be8 27.
Rc7 R8d7 28. Rc8 Rd8 29. R1c7 Rxc8 30. Rxc8 Kf7 31. h5 g6 32. h6 Ke7 33. Rb8 b5
34. Ra8 Rb6 35. Ra7+ Bd7 36. Nb3 Rd6 37. f3 Kd8 38. Kf2 Rc6 39. Nc5 Rd6 40.
Rxa6 Rxa6 41. Nxa6 Ke7 42. Ke2 Kd6 43. Nc5 Be8 44. Nb3 Ke5 45. Nd4 f5 46. f4+
Kf6 47. Nf3 Kf7 48. Ng5+ Kg8 49. Kd3 Bd7 50. Kd4 Bc6 51. Nf3 Kf8 52. g3 Be8 53.
Ng5 Kg8 54. Kxd5 Bd7 55. Kd6 Be8 56. e4 fxe4 57. Nxe4 Kf7 58. Ng5+ Kg8 59. g4
Kh8 60. Ne4 Bf7 61. Kc5 Bc4 1-0

[Event "33. Seebach-Open"]
[Site "Grossenseebach"]
[Date "2024.05.31"]
[Round "4.17"]
[White "Wallrab, Armin"]
[Black "Schwarzmann, Tobias"]
[Result "1/2-1/2"]
[WhiteElo "1598"]
[BlackElo "1953"]
[PlyCount "77"]
[EventDate "2024.??.??"]
[WhiteTeam "SV Ilmmünster"]
[BlackTeam "SC Höchstadt/Aisch"]

1. e4 e5 2. Nf3 Nf6 3. Nxe5 d6 4. Nf3 Nxe4 5. Qe2 Qe7 6. d3 Nf6 7. Bg5 Qxe2+ 8.
Bxe2 Be7 9. Nc3 Nc6 10. Nb5 Kd8 11. O-O-O h6 12. Bd2 a6 13. Nbd4 Bd7 14. Nxc6+
Bxc6 15. Nd4 Bd7 16. h3 d5 17. g4 Bd6 18. f4 c5 19. Nf3 Bc6 20. Rhf1 Nd7 21. d4
Re8 22. Rde1 Kc7 23. Ne5 Re7 24. Nxc6 bxc6 25. dxc5 Nxc5 26. Bf3 Rae8 27. f5
Nd7 28. Rxe7 Rxe7 29. Re1 Rxe1+ 30. Bxe1 Bf4+ 31. Kd1 Kb7 32. c3 Nc5 33. Kc2
Nd7 34. Bf2 f6 35. Kb3 Bd6 36. Be2 Nc5+ 37. Kc2 Ne4 38. Be1 Kb6 39. Kd3 1/2-1/2

[Event "33. Seebach-Open"]
[Site "Grossenseebach"]
[Date "2024.05.31"]
[Round "4.18"]
[White "Nesmjanowitsch, Julia"]
[Black "Akhramsyah Muammar Ubaidah, Aqil"]
[Result "0-1"]
[WhiteElo "1580"]
[BlackElo "1949"]
[PlyCount "56"]
[EventDate "2024.??.??"]
[WhiteTeam "SC JÄKLECHEMIE Talente Franken e"]
[BlackTeam "SF Brand 1981 e. V."]

1. e4 c6 2. d4 d5 3. exd5 cxd5 4. Nf3 Nf6 5. Nc3 Bg4 6. h3 Bh5 7. g4 Bg6 8. Bd3
Bxd3 9. Qxd3 e6 10. Bf4 a6 11. g5 Nh5 12. Be5 Nc6 13. Rg1 Bd6 14. Qe3 Bxe5 15.
Nxe5 Nxe5 16. Qxe5 Rc8 17. O-O-O O-O 18. Rdf1 Qc7 19. f4 g6 20. Rg2 b5 21. Qe3
b4 22. Nd1 Qc4 23. Rf3 Qxa2 24. Kd2 Rc4 25. Ke1 Rfc8 26. Qd3 Qb1 27. Rd2 b3 28.
c3 Qxd3 0-1

[Event "33. Seebach-Open"]
[Site "Grossenseebach"]
[Date "2024.05.31"]
[Round "4.19"]
[White "Kassner, Sascha"]
[Black "Barsov, Mikhail"]
[Result "1-0"]
[WhiteElo "1937"]
[BlackElo "1576"]
[PlyCount "112"]
[EventDate "2024.??.??"]
[WhiteTeam "SF Rosenheim e.V."]
[BlackTeam "SK Gräfelfing"]

1. g4 d5 2. h3 e5 3. d3 Bc5 4. Nf3 Nd7 5. Bg2 c6 6. Nc3 Ne7 7. e4 d4 8. Ne2 Bd6
9. c3 c5 10. O-O b6 11. Ng3 Bb7 12. Nh4 O-O 13. Nhf5 Nxf5 14. Nxf5 Bc7 15. h4
dxc3 16. bxc3 Ba6 17. Qf3 c4 18. dxc4 Bxc4 19. Rd1 Qe8 20. Ne3 Be6 21. Nd5 Bd8
22. h5 Rc8 23. h6 g6 24. Ba3 Bxd5 25. Bxf8 Qxf8 26. Rxd5 Nc5 27. Rad1 Bg5 28.
Rxe5 Bxh6 29. Red5 Na4 30. c4 Nb2 31. R1d4 Bg7 32. e5 Nxc4 33. Qd1 Nb2 34. Qb3
Rc1+ 35. Bf1 Qe7 36. Qxb2 Rc8 37. Rd7 Qc5 38. Rc4 Qf8 39. Rxc8 Qxc8 40. Qd4 Bf8
41. Qd5 Qe8 42. Bc4 Qe6 43. Qxe6 fxe6 44. Bxe6+ Kh8 45. Rxa7 h5 46. gxh5 gxh5
47. Kg2 Bg7 48. f4 h4 49. Rxg7 Kxg7 50. Kh3 b5 51. Kxh4 b4 52. Bb3 Kf8 53. Kg5
Kg7 54. e6 Kf8 55. Kf5 Ke7 56. Ke5 Ke8 1-0

[Event "33. Seebach-Open"]
[Site "Grossenseebach"]
[Date "2024.05.31"]
[Round "4.20"]
[White "Koenig, Oliver"]
[Black "Schwab, Philipp"]
[Result "1-0"]
[WhiteElo "1935"]
[BlackElo "1500"]
[PlyCount "45"]
[EventDate "2024.??.??"]
[WhiteTeam "SGem 1882 Fürth"]
[BlackTeam "SC Forchheim e.V."]

1. d4 f5 2. Nc3 Nf6 3. Bf4 g6 4. h4 d6 5. e3 Bg7 6. h5 Be6 7. hxg6 hxg6 8.
Rxh8+ Bxh8 9. Qf3 c6 10. Qg3 Bf7 11. Bd3 Qb6 12. Nge2 Nbd7 13. O-O-O O-O-O 14.
Rh1 c5 15. d5 Nxd5 16. Rxh8 Rxh8 17. Nxd5 Rh1+ 18. Kd2 Bxd5 19. Qxg6 Qb4+ 20.
Nc3 Bc6 21. Qe8+ Kc7 22. Qxe7 Qxb2 23. Bxd6+ 1-0

[Event "33. Seebach-Open"]
[Site "Grossenseebach"]
[Date "2024.05.31"]
[Round "4.21"]
[White "Galter, Norbert"]
[Black "Rosin, Ralf"]
[Result "1/2-1/2"]
[WhiteElo "1507"]
[BlackElo "1915"]
[PlyCount "57"]
[EventDate "2024.??.??"]
[WhiteTeam "Spvg Zabo-Eintracht Nürnberg e.V"]
[BlackTeam "FSV Großenseebach"]

1. d4 d5 2. c4 c6 3. Nc3 Nf6 4. e3 e6 5. Nf3 Nbd7 6. Bd3 dxc4 7. Bxc4 b5 8. Bd3
Bb7 9. O-O Bd6 10. e4 e5 11. d5 b4 12. dxc6 Bxc6 13. Bb5 Bxb5 14. Nxb5 Be7 15.
Nd6+ Bxd6 16. Qxd6 Qe7 17. Qxe7+ Kxe7 18. Bd2 a5 19. Rfe1 Rhd8 20. Bg5 Ke6 21.
Nd2 Nc5 22. f3 Nd3 23. Reb1 Rac8 24. b3 Rc2 25. Nc4 Nc5 26. Rc1 Rxc1+ 27. Rxc1
Ra8 28. Nb6 Rb8 29. Rxc5 1/2-1/2